000
00304nam a22001337a 4500
003
SGT
020
_a
978-81-8147-890-8
082
_a
618.2
_b
P05S
100
_a
STUDD, JOHN
245
_a
PROGRESS IN OBSTETRICS AND GYNAECOLOGY -16
260
_a
INDIA
_b
ELSEVIER
_c
2005
300
_a
431
942
_2
ddc
_c
BK
999
_c
18217
_d
18217